Quizzes
Events
Quiz Creation
Community
Videos
Private Events
Remove Ads
Sign In
Join for FREE
Feedback
Dark Mode
Quiz Categories
Sports
Geography
Music
Movies
Television
Just For Fun
Miscellaneous
History
Literature
Language
Science
Gaming
Entertainment
Religion
Holiday
For Kids
Quiz Lab
Recent
Popular Today
Quiz Kudos Today
Editor Picks
Curator Picks
Quizzes by...
Day
Popularity
Type
Ratings
Length
Year
Community
Subscriptions
Recent Discussions
Orange Saloon
Badges
Playlists
Quests
Create
Leaderboards
Showdown
Live 5
Trivia Bingo
Activity
Puzzle Library
Sporcle Events
Private Events
Virtual Trivia
Globe League
Become a Host
Pub Owners
SporcleCon
Opinionation
Our Games
Videos
Blog
Mobile Apps
Partnerships
Remove Ads and Go Orange
Feedback
Just For Fun
Clickable
Get the Picture
Humor
Quick Pick
Word Ladder
Missing Word
Mixed Word
Blitz
Minefield
This or That
Alphabet
Color
Typing
Sporcle
Puzzle
Word Play
Follow That Line
Logic
Just For Fun
Clickable
Get the Picture
Humor
Quick Pick
Word Ladder
Missing Word
Mixed Word
Blitz
Minefield
This or That
Alphabet
Color
Typing
Sporcle
Puzzle
Word Play
Follow That Line
Logic
Random Quiz
Search Sporcle
×
Quiz Lab
Quiz Lab
Just For Fun
Iron Man
Type in answers that appear in a list
Type in answers that appear in a list
Classic
Best Score? Go Orange.
Iron Man 3 Literal Stats
Can you name the Iron Man 3 Literal?
By
Kithsom
10m
195 Questions
202 Plays
202 Plays
202 Plays
Comments
Comments
Give Quiz Kudos
Give Quiz Kudos
-
- Ratings
hide this ad
Replay
Link that replays current quiz
Next Quiz
Link to next quiz in quiz playlist
You Got
0%
They Got
Avg Score
19%
Avg Friend Score
Upgrade to see
Score Distribution
Jump to the score distribution portion of the page
Score
0/195
Timer
10:00
0
Plays Today
% Correct
the
87.1%
the
87.1%
the
87.1%
the
87.1%
a
87.1%
and
87.1%
a
87.1%
a
87.1%
a
87.1%
a
87.1%
a
87.1%
the
87.1%
Man
71.8%
Iron
70.8%
to
59.9%
to
59.9%
to
59.9%
to
59.9%
to
59.9%
Tony
46.5%
Pepper
39.1%
Is
36.1%
he
35.1%
He
35.1%
he
35.1%
you
33.2%
in
30.7%
in
30.7%
in
30.7%
be
29.7%
on
27.2%
Potts
26.7%
No
21.3%
His
19.3%
his
19.3%
his
19.3%
of
19.3%
his
19.3%
War
18.3%
Machine
18.3%
This
18.3%
this
18.3%
3
18.3%
If
17.3%
Marvel
16.3%
with
16.3%
your
16.3%
your
16.3%
your
16.3%
it's
16.3%
one
16.3%
it's
16.3%
Marvel
16.3%
Don't
15.8%
Don't
15.8%
Don't
15.8%
him
15.3%
him
15.3%
him
15.3%
up
15.3%
him
15.3%
you're
15.3%
up
15.3%
up
15.3%
up
15.3%
% Correct
have
15.3%
Too
14.9%
just
14.4%
all
13.9%
any
13.9%
movie
13.9%
Ms.
13.9%
Snow
13.4%
been
13.4%
play
13.4%
bring
13.4%
suits
13.4%
now
13.4%
Does
13.4%
now
13.4%
bring
13.4%
falling
12.9%
falling
12.9%
toys
12.9%
Blow
12.9%
want
12.9%
house
12.9%
from
12.9%
tree
12.4%
room
12.4%
someone
12.4%
room
12.4%
Superhero
11.9%
He's
11.9%
life
11.9%
Paramountain
11.9%
else
11.9%
bedroom
11.9%
Red
11.9%
die
11.9%
Spinning
11.4%
Heart
11.4%
gone
11.4%
before
11.4%
wants
11.4%
pick
11.4%
having
11.4%
problems
11.4%
April
11.4%
Hot
11.4%
hot
11.4%
Hot
11.4%
having
11.4%
almost
10.9%
picked
10.9%
Leave
10.9%
Ash
10.9%
ash
10.9%
Dust
10.9%
dust
10.9%
trust
10.9%
cries
10.9%
insurance
10.9%
cover
10.9%
EARTHQUAKE
10.9%
down
10.9%
battery's
10.4%
getting
10.4%
flashes
10.4%
wash
10.4%
% Correct
Helicopters
10.4%
kiss
10.4%
Helicopters
10.4%
look
10.4%
Helicopters
10.4%
soon
10.4%
missile
10.4%
swarm
9.9%
sheets
9.9%
Bad
9.9%
cabin
9.9%
pressure
9.9%
compromised
9.9%
gonna
9.9%
induced
9.9%
let
9.9%
Reporters
9.4%
cause
9.4%
robot
9.4%
everybody
9.4%
blast
9.4%
clean
9.4%
Flicker
9.4%
pass
9.4%
washing
8.9%
carpet
8.9%
PUNCH
8.9%
Slow
8.9%
warming
8.9%
party
8.9%
doesn't
8.9%
hood
8.4%
flip
8.4%
Breath
8.4%
cept
8.4%
rings
8.4%
Everyone's
8.4%
gravity
8.4%
Bioshock
8.4%
akward
7.9%
Step
7.9%
grab
7.9%
Akward
7.9%
cock
7.9%
pistol
7.9%
motion
7.9%
throw
7.9%
Guess
7.9%
intro
7.9%
Gaudy
7.4%
hates
7.4%
job
7.4%
lock
7.4%
load
7.4%
bunch
7.4%
senses
7.4%
somethings
7.4%
Broken
6.9%
mask
6.9%
through
6.9%
missiles
6.9%
Surfing
6.4%
mountain
6.4%
fog
5.9%
Glowing
5.4%
Quiz Playlist
Details
Report
Send in Message
Add To Playlist
Classic:
Type in answers that appear in a list
Quiz Source
Last Updated: Feb 16, 2017
Quiz Scoreboard
CHALLENGE
Sign Up to Join the Scoreboard
Show All
Scores
Hide
Comments
May contain spoilers
Recently Published
Pick 6: Fruits
by JohnFran
Miscellaneous
15s
Click the 1999 NBA Draft
by nibperrychub
Sports
2m
Alphabetical 'K' Countries by Flag Minefield
by ylime102
Geography
3m
More to Explore
Quiz From the Vault
Featured Blog Post
15 Basketball Trivia Facts You Can Be March Mad About
hide this ad
You Might Also Like...
Tags
Iron Man
Literal
three
Today's Top Quizzes in Just For Fun
Browse Just For Fun
hide this ad
Today's Top Quizzes in Iron Man
Browse Iron Man
Top Contributed Quizzes in Just For Fun
1
Just Another 1-25 Logic Puzzle
2
Seasons
3
Quick Pick: Spring Things
4
Pick 6: Letters
5
Pick 6: Foods
6
Pick 6: Colors
7
one piece logic puzzle
8
Crossword Whiteout! 41
9
Four Seasons
10
CrossWordLadder XXIII
Explore More
Trending Topics
Crossword
Disney
NBA
Anime
Harry Potter
Kpop
Marvel
The Office
Puzzle
WWE
Country
Song
NFL
Pokémon
Soccer
hide this ad
More By:
Kithsom
Quiz
Plays
Rating
Category
Featured
Created
Skyrim: The Elder Scrolls V Literal
1,076
1.43
Gaming
May 14, 2012
Assassins Creed Brotherhood literal
425
5.00
Gaming
Mar 10, 2012
Mass Effect 3 Literal
351
2.14
Gaming
Apr 26, 2012
Assassins Creed revalations literal
224
5.00
Gaming
Apr 26, 2012
Iron Man 3 Literal
202
5.00
Just For Fun
Jan 22, 2013
Go to Creator's Profile
Score Distribution
Quiz Creator Spotlight
Kithsom
Follow
Send a Message
Quizzes Created
-
Created Quiz Play Count
-
More By This Creator
Popular Quizzes Today
1
Find the US States - No Outlines Minefield
2
Countries of Asia Without Outlines Minefield
3
Pick 6: Fruits
4
Alphabetical 'K' Countries by Flag Minefield
5
The Countries of the World
6
Click the 1999 NBA Draft
7
Find the US States
8
Match the Book to the Film X
More Just For Fun Quizzes
Get the Picture: Katniss, Mystique, or Tiffany?
Published
Trending Quizzes
Pick 6: Harry Potter
Pick 6: Mountains
Pick 6: NFL Teams
Pick 6: Golfers
Pick 6: Movie Franchises
Recently Updated
Women's Final Four Teams by Year
bhenderson79
Presidents Quartet II
eogle
Anything But Clue(do)
eogle
Anything But Oceanian Capitals
eogle
Anything But 7
eogle
Anything But Thing
eogle
Word Ladder: February 29
pecheneg
Song Title Questions
pecheneg
Women's NCAA Tournament #1 Seeds
pecheneg
Celebrity Mug Shots
pecheneg
Trending Topics
Harry Potter
Crossword
Marvel
Disney
NBA
Anime
Kpop
Country
WWE
Song
NFL
Puzzle
Pokémon
Soccer
The Office
Your Account Isn't Verified!
In order to create a playlist on Sporcle, you need to verify the email address you used during registration. Go to your
Sporcle Settings
to finish the process.
Report this User
Report this user for behavior that violates our
Community Guidelines
.
Details:
Send Report
Go to the Sporcle.com Mobile Site →
Comments